000
00351pab a2200157 454500
008
180718b2008 xxu||||| |||| 00| 0 eng d
100
_a
Sawant, P.B.
245
_a
My lords, the fundamentals are missing
260
_c
2008
300
_a
p.3-6.
362
_a
15 Mar
650
_a
Democracy
773
_a
Mainstream
908
_a
N
909
_a
77489
999
_c
77489
_d
77489